[Event "14th BCC Open 2014"]
[Site "Bangkok THA"]
[Date "2014.04.17"]
[Round "7.1"]
[White "Gustafsson,J"]
[Black "Vallejo Pons,F"]
[Result "1/2-1/2"]
[WhiteElo "2634"]
[BlackElo "2693"]

1.d4 Nf6 2.c4 e6 3.Nc3 Bb4 4.Qc2 O-O 5.Nf3 c5 6.dxc5 Na6 7.g3 Nxc5 8.Bg2 Nce4
9.O-O Nxc3 10.bxc3 Be7 11.e4 d6 12.e5 dxe5 13.Nxe5 Qc7 14.Qe2 Nd7 15.Bf4 Nxe5
16.Bxe5 Bd6 17.Rfe1 Bxe5 18.Qxe5 Qxe5 19.Rxe5 Rd8 20.c5 g6 21.Rb1 a5 22.Bxb7 Bxb7
23.Rxb7 Rac8 24.a4 Rd3 25.c6 Rxc6 26.Rxa5 Rcxc3 27.Raa7 Rf3 28.Kg2 Rf5 29.Rb2 Ra3
30.h3 h5 31.h4 Rc5 32.Rbb7 Rf5 33.Rb2 Rc5 34.Rbb7  1/2-1/2

[Event "14th BCC Open 2014"]
[Site "Bangkok THA"]
[Date "2014.04.18"]
[Round "8.1"]
[White "Vallejo Pons,F"]
[Black "Liu Qingnan"]
[Result "1-0"]
[WhiteElo "2693"]
[BlackElo "2500"]

1.e4 d6 2.d4 g6 3.Nc3 Bg7 4.Bg5 c6 5.Qd2 h6 6.Be3 Nf6 7.h3 b5 8.e5 dxe5 9.dxe5 Qxd2+
10.Bxd2 Nfd7 11.f4 f6 12.Bd3 O-O 13.exf6 Rxf6 14.Ne4 Rf8 15.O-O-O Nb6 16.Nf3 Be6
17.Ne5 Bxe5 18.fxe5 Kg7 19.Nc5 Bd5 20.e6 Na4 21.Nxa4 bxa4 22.Rde1 c5 23.Re5 c4
24.Rxd5 cxd3 25.Rxd3 Nc6 26.Ra3 Rf2 27.g4 g5 28.Rxa4 a5 29.Rc4 Ra6 30.a4 Kg6
31.Re1 Rh2 32.c3 Rxh3 33.b4 Nd8 34.b5 Rd6 35.Rce4 Rhd3 36.R1e2 Nb7 37.Rc4 R3d5
38.Rc7 Nc5 39.Kc2 Nxa4 40.c4 Rc5 41.Bxa5 Rd4 42.Kb3 Rxg4 43.Rc6 Rf4 44.Kxa4 Rfxc4+
45.Bb4 Rxc6 46.bxc6 Rxc6 47.Kb5 Rc8 48.Bxe7 g4 49.Bd6 h5 50.e7 Kf7 51.Rf2+ Ke6
52.Rf8 Kxd6 53.Rxc8 Kxe7 54.Rh8  1-0

[Event "14th BCC Open 2014"]
[Site "Bangkok THA"]
[Date "2014.04.19"]
[Round "9.1"]
[White "Barbosa,O PHI"]
[Black "Vallejo Pons,F"]
[Result "1/2-1/2"]
[WhiteElo "2580"]
[BlackElo "2693"]

1.d4 d5 2.Nf3 Nf6 3.c4 c6 4.e3 Bf5 5.Bd3 Bxd3 6.Qxd3 e6 7.O-O Nbd7 8.Nc3 Bb4
9.Bd2 a5 10.Rfd1 O-O 11.a3 Bxc3 12.Bxc3 Ne4 13.Be1 a4 14.b3 axb3 15.Qxb3 Ra7
16.Bb4 Re8 17.Ne5 f6  1/2-1/2

[Event "49th Capablanca Elite 2014"]
[Site "Havana CUB"]
[Date "2014.05.08"]
[Round "1.2"]
[White "Vallejo Pons,F"]
[Black "Almasi,Z"]
[Result "1/2-1/2"]
[WhiteElo "2700"]
[BlackElo "2693"]

1.e4 e5 2.Nf3 Nc6 3.Bc4 Bc5 4.d3 Nf6 5.Nc3 d6 6.Na4 Bb6 7.c3 O-O 8.b4 Ne7
9.O-O Ng6 10.Bb3 h6 11.h3 c6 12.Nxb6 axb6 13.a4 b5 14.Bd2 bxa4 15.Rxa4 Rxa4
16.Bxa4  1/2-1/2

[Event "49th Capablanca Elite 2014"]
[Site "Havana CUB"]
[Date "2014.05.10"]
[Round "3.1"]
[White "Vallejo Pons,F"]
[Black "Bruzon Batista,L"]
[Result "1/2-1/2"]
[WhiteElo "2700"]
[BlackElo "2682"]

1.e4 e5 2.Nf3 Nc6 3.Bb5 Nf6 4.d3 d6 5.O-O Be7 6.c3 O-O 7.Re1 a6 8.Ba4 Re8
9.Nbd2 Bf8 10.Nf1 h6 11.Ng3 b5 12.Bb3 Bb7 13.d4 Na5 14.Bc2 Nc4 15.b3 Nb6
16.Bb2 g6 17.Bd3 Nfd7 18.Rb1 c6 19.Bf1 Qc7 20.c4 exd4 21.Bxd4 Ne5 22.Bc3 Nbd7
23.Nd4 d5 24.f4 c5 25.cxd5 cxd4 26.Bxd4 h5 27.fxe5 Nxe5 28.Rc1 Qd8 29.Nh1 Bh6
30.Rc2 Bg7 31.Nf2 f5 32.Qa1 fxe4 33.Rxe4 Qg5 34.Rc3 Bxd5 35.Rg3 Qf5 36.Re2 Re7
37.Nd3 Rae8 38.Nxe5 Bxe5 39.Bxe5 Rxe5 40.Rxe5 Rxe5 41.Rxg6+ Qxg6 42.Qxe5 Qb6+
43.Kh1 Bf7 44.Qg3+ Kf8 45.h4 Qd4 46.Qe1 Qb2 47.Qe2 Qd4 48.g3 Qc3 49.Kh2 Qa1
50.Bg2 a5 51.Qd2 a4 52.Qh6+ Kg8 53.Qg5+ Kh8 54.Qxb5 a3 55.Qc5 Qxa2 56.Qf8+ Bg8
57.Qh6+ Bh7 58.Qf8+ Bg8 59.Qh6+ Bh7 60.Qf8+  1/2-1/2

[Event "49th Capablanca Elite 2014"]
[Site "Havana CUB"]
[Date "2014.05.11"]
[Round "4.2"]
[White "Vallejo Pons,F"]
[Black "Dominguez Perez,L"]
[Result "0-1"]
[WhiteElo "2700"]
[BlackElo "2768"]

1.e4 c5 2.Nc3 d6 3.Nge2 Nf6 4.h3 Nc6 5.d4 cxd4 6.Nxd4 a6 7.g4 Qb6 8.Nde2 e6
9.Bg2 Be7 10.O-O O-O 11.a3 Re8 12.Kh1 Qc7 13.f4 b5 14.f5 Nd7 15.Nf4 Bf8 16.Nh5 Nce5
17.Bg5 Bb7 18.Qc1 Kh8 19.Rf2 Rac8 20.Bh4 Qc5 21.Re2 a5 22.a4 b4 23.Nb5 Ba6
24.fxe6 fxe6 25.Qg5 Bxb5 26.axb5 g6 27.Bf2 Qxb5 28.Ng3 Bg7 29.Bd4 a4 30.Qd2 Kg8
31.b3 a3 32.Nf1 Bh6 33.Qd1 Nc6 34.Bg1 Bg7 35.Ra2 Nde5 36.Rd2 Nf7 37.Ne3 Nce5
38.Rd4 Nc6 39.Rd3 Nce5 40.Rd4 Rc3 41.Qd2 Bh6 42.Qe1 Rec8 43.h4 Bxe3 44.Bxe3 Nxg4
45.Bg1 Qe5 46.Rd3 Rxc2 47.Rxc2 Rxc2  0-1

[Event "49th Capablanca Elite 2014"]
[Site "Havana CUB"]
[Date "2014.05.12"]
[Round "5.2"]
[White "Ivanchuk,V"]
[Black "Vallejo Pons,F"]
[Result "0-1"]
[WhiteElo "2753"]
[BlackElo "2700"]

1.e4 e5 2.Nf3 Nc6 3.Bc4 Bc5 4.c3 Nf6 5.d3 O-O 6.O-O d5 7.exd5 Nxd5 8.a4 a6
9.a5 Nf6 10.Nbd2 h6 11.Qe2 Re8 12.Ne4 Bf8 13.Bb3 Be6 14.Ba4 Nd7 15.b4 f5
16.Ned2 g5 17.Bb2 Bg7 18.Nc4 Bxc4 19.dxc4 g4 20.Rad1 gxf3 21.Qxf3 Rf8 22.Bc1 Rf7
23.c5 Qf6 24.Bb3 Nf8 25.g4 f4 26.Qe4 Ne6 27.f3 Kh8 28.Rde1 Re8 29.Kh1 Rfe7
30.Qf5 Qh4 31.Bxe6 Rxe6 32.Bxf4 Rf6 33.Bg3 Rxf5 34.Bxh4 Rf4 35.Re4 Ref8 36.Kg2 Kg8
37.Bg3 Rxe4 38.fxe4 Rxf1 39.Kxf1 Bf6 40.h4 Kf7 41.Ke2 Ne7 42.Kf3 Ke6 43.Bf2 Ng6
44.g5 hxg5 45.h5 Ne7 46.Be3 c6 47.Kg4 Ng8 48.Bd2 Nh6+ 49.Kg3 Be7 50.Bc1 Kf6
51.Bd2 Bf8 52.Bc1 Ng8 53.Bd2 Bh6  0-1

[Event "49th Capablanca Elite 2014"]
[Site "Havana CUB"]
[Date "2014.05.14"]
[Round "6.3"]
[White "Almasi,Z"]
[Black "Vallejo Pons,F"]
[Result "0-1"]
[WhiteElo "2693"]
[BlackElo "2700"]

1.c4 f5 2.g3 Nf6 3.Bg2 e5 4.Nc3 Bb4 5.Nf3 Bxc3 6.bxc3 d6 7.d3 Nc6 8.Qb3 Rb8
9.c5 d5 10.Bg5 h6 11.Bxf6 Qxf6 12.O-O Be6 13.Rab1 e4 14.Nd4 Nxd4 15.cxd4 Qxd4
16.dxe4 fxe4 17.Qa3 O-O 18.e3 Qf6 19.Qxa7 Bg4 20.Qa5 Be2 21.Qd2 Bd3 22.Rbc1 b6
23.c6 Bxf1 24.Qxd5+ Qf7 25.Qxf7+ Rxf7 26.Bxf1 Rf5 27.a4 Rd8 28.Rc4 Re5 29.Rc2 Rc5
30.Rb2 Rxc6 31.Rb4 Rc1 32.Kg2 Rc2 33.Rxe4 Rf8 34.Bc4+ Kh8 35.Kh3 Rcxf2 36.Re7 c6
37.e4 Rc2 38.Bf7 Rf2 39.Bc4 h5 40.Rc7 g5 41.Be6 Rd8 42.Bf7 g4+ 43.Kh4 Rxh2+
44.Kg5 h4 45.Kxg4 h3 46.e5 Rhd2 47.Kxh3 R2d7 48.Rxd7 Rxd7 49.e6 Re7 50.Kg4 Kg7
51.Kf5 b5 52.axb5 cxb5 53.Bh5 b4 54.Bd1 Rc7 55.Ke5 Rc3 56.Ba4 b3 57.e7 b2
58.Kd6 Rd3+ 59.Kc5 Re3 60.Kd4  0-1

[Event "49th Capablanca Elite 2014"]
[Site "Havana CUB"]
[Date "2014.05.16"]
[Round "8.1"]
[White "Bruzon Batista,L"]
[Black "Vallejo Pons,F"]
[Result "1-0"]
[WhiteElo "2682"]
[BlackElo "2700"]

1.e4 e6 2.d4 d5 3.Nd2 Be7 4.e5 c5 5.dxc5 Nc6 6.Ngf3 Bxc5 7.Nb3 Bb6 8.Bf4 f6
9.Bg3 Nge7 10.Bd3 f5 11.h4 O-O 12.h5 h6 13.c3 a5 14.a4 Bd7 15.Bf4 Qe8 16.Bc2 Rd8
17.Rh3 d4 18.Nbxd4 Nxd4 19.Nxd4 Bc6 20.Rg3 Bxd4 21.cxd4 Kh8 22.Kf1 Be4 23.Qd2 Qxh5
24.Rh3 Qg6 25.Bxe4 fxe4 26.Bxh6 Kg8 27.Bg5 Rd7 28.Bxe7 Rxe7 29.Kg1 Rf3 30.Ra3 Ref7
31.Rg3 Rxg3 32.Rxg3 Qh5 33.Qc2 Rf4 34.Qc8+ Kh7 35.Rh3 Rh4 36.Rxh4 Qxh4 37.Qxe6 e3
38.fxe3  1-0

[Event "49th Capablanca Elite 2014"]
[Site "Havana CUB"]
[Date "2014.05.17"]
[Round "9.3"]
[White "Dominguez Perez,L"]
[Black "Vallejo Pons,F"]
[Result "1/2-1/2"]
[WhiteElo "2768"]
[BlackElo "2700"]

1.e4 e5 2.Nf3 Nc6 3.Bb5 Nf6 4.O-O Nxe4 5.d4 Nd6 6.Bxc6 dxc6 7.dxe5 Nf5 8.Qxd8+ Kxd8
9.Nc3 Ke8 10.h3 h5 11.Bg5 Be6 12.a3 Be7 13.Rad1 Rd8 14.Rxd8+ Kxd8 15.Rd1+ Ke8
16.g3 a6 17.Bf4 Bc8  1/2-1/2

[Event "49th Capablanca Elite 2014"]
[Site "Havana CUB"]
[Date "2014.05.18"]
[Round "10.3"]
[White "Vallejo Pons,F"]
[Black "Ivanchuk,V"]
[Result "1/2-1/2"]
[WhiteElo "2700"]
[BlackElo "2753"]

1.e4 e6 2.d4 d5 3.Nc3 dxe4 4.Nxe4 Nd7 5.Nf3 Ngf6 6.Nxf6+ Nxf6 7.g3 b6 8.Bb5+ Bd7
9.Bxd7+ Qxd7 10.O-O c5 11.Qe2 Rc8 12.Bg5 c4 13.Ne5 Qxd4 14.Rfe1 Qc5 15.Rad1 Be7
16.Bxf6 Bxf6 17.Nxf7 Kxf7 18.Qxe6+ Kg6 19.Rd5 Qc6 20.Qf5+ Kf7 21.Rd7+ Kg8
22.Rd6 Qxd6 23.Qxc8+ Bd8 24.Re8+ Kf7 25.Rxh8 Qd1+ 26.Kg2 Qd5+ 27.Kg1 Qd1+
28.Kg2  1/2-1/2

[Event "FIDE World Blitz 2014"]
[Site "Dubai UAE"]
[Date "2014.06.19"]
[Round "2.49"]
[White "Vallejo Pons,F"]
[Black "Nezad,H"]
[Result "1-0"]
[WhiteElo "2698"]
[BlackElo "2365"]

1.e4 e5 2.Nf3 Nc6 3.Bb5 a6 4.Ba4 Nf6 5.d3 b5 6.Bb3 Bc5 7.Nc3 h6 8.Nd5 O-O
9.Be3 Bxe3 10.fxe3 d6 11.O-O Na5 12.Nxf6+ Qxf6 13.Bd5 c6 14.Nd4 Qg5 15.Nxc6 Qxe3+
16.Kh1 Nxc6 17.Bxc6 Rb8 18.Bd5 Be6 19.Bb3 Qg5 20.Qe1 g6 21.Rf3 Kg7 22.Qb4 Qe7
23.Raf1 Bxb3 24.axb3 Rbc8 25.c3 Rcd8 26.Qa3 Qe6 27.Rf6 Qxf6 28.Rxf6 Kxf6
29.Qxa6 b4 30.h3 Kg7 31.Qb6 bxc3 32.bxc3 d5 33.Qc5 Rd7 34.exd5 f5 35.d6 Kf6
36.c4 Rfd8 37.d4 e4 38.Qe5+ Kf7 39.c5 Re8 40.Qd5+ Re6 41.Qc4 e3 42.Qe2 Re4
43.d5 f4 44.Kh2 h5 45.b4 Rd8 46.b5 Rd4 47.b6 Rxd5 48.Qc4 Ke6 49.Qe4+ Re5
50.Qxg6+ Kd5 51.Qd3+ Kxc5 52.Qc3+ Kxd6 53.Qd4+ Rd5 54.Qf6+ Kd7 55.b7 e2 56.Qxd8+ Kxd8
57.b8=Q+ Kd7 58.Qb7+ Ke6 59.Qa6+  1-0

[Event "FIDE World Blitz 2014"]
[Site "Dubai UAE"]
[Date "2014.06.19"]
[Round "3.23"]
[White "Korobov,A"]
[Black "Vallejo Pons,F"]
[Result "1-0"]
[WhiteElo "2680"]
[BlackElo "2698"]

1.d4 Nf6 2.Nf3 b6 3.Bg5 Bb7 4.Nbd2 e6 5.e4 h6 6.Bxf6 Qxf6 7.c3 g6 8.Bd3 Bg7
9.Qe2 Qe7 10.O-O-O d6 11.h4 a6 12.Kb1 Nd7 13.Nc4 b5 14.Na5 Rb8 15.Nxb7 Rxb7
16.Nd2 c5 17.dxc5 Nxc5 18.Nb3 Na4 19.Rc1 O-O 20.f4 b4 21.Bxa6 bxc3 22.Bxb7 Qxb7
23.e5 dxe5 24.fxe5 Qb4 25.Rh3 cxb2 26.Rc4 Qb5 27.Qe4 Nb6 28.Rc2 Qf1+ 29.Kxb2 Nd7
30.a4 Nxe5 31.Ka2 Rb8 32.Rhc3 Kh7 33.h5 Qa6 34.Rc7 Nd3 35.hxg6+ Kh8 36.R7c4 Ne5
37.Rb4 Rd8  1-0

[Event "FIDE World Blitz 2014"]
[Site "Dubai UAE"]
[Date "2014.06.19"]
[Round "4.40"]
[White "Vallejo Pons,F"]
[Black "Vakhidov,J"]
[Result "1-0"]
[WhiteElo "2698"]
[BlackElo "2471"]

1.e4 g6 2.d4 Nf6 3.e5 Nh5 4.Nf3 d6 5.exd6 exd6 6.Nc3 Nc6 7.Bb5 Qe7+ 8.Be3 a6
9.Ba4 b5 10.Nd5 Qd8 11.Bb3 Bg7 12.Bg5 f6 13.Bh4 Qd7 14.O-O Bb7 15.Re1+ Kd8
16.Qd2 g5 17.Nxg5 Nxd4 18.Qxd4 fxg5 19.Bxg5+ Kc8 20.Qh4 h6 21.Bd2 Nf6 22.Nxf6 Bxf6
23.Qxf6 Rd8 24.Be6  1-0

[Event "FIDE World Blitz 2014"]
[Site "Dubai UAE"]
[Date "2014.06.19"]
[Round "5.26"]
[White "Nguyen Ngoc Truong Son"]
[Black "Vallejo Pons,F"]
[Result "1/2-1/2"]
[WhiteElo "2621"]
[BlackElo "2698"]

1.d4 Nf6 2.Nf3 b6 3.Bf4 Bb7 4.e3 e6 5.Be2 d6 6.O-O Nbd7 7.h3 h6 8.c4 g5 9.Bg3 Ne4
10.Nc3 Nxg3 11.fxg3 Bg7 12.Nd2 Qe7 13.Bf3 c6 14.g4 O-O 15.Nde4 f5 16.Ng3 fxg4
17.hxg4 d5 18.cxd5 cxd5 19.Qd3 Nf6 20.a4 a6 21.Rfc1 Qd6 22.Nce2 Rfc8 23.Kf2 Rf8
24.Kg1 Rfc8 25.Kf2 Qb4 26.Qa3 Bf8 27.Qxb4 Bxb4 28.Rxc8+ Rxc8 29.Rc1 Bd6 30.Rxc8+ Bxc8
31.Nc3 Kf8 32.e4 dxe4 33.Ngxe4 Be7 34.Nxf6 Bxf6 35.Ke3 Ke7 36.Ne4 Bg7 37.b3 Kd7
38.Nd2 Kc7 39.Ne4 Bd7 40.Nc3 b5 41.axb5 Bxb5 42.Nxb5+ axb5 43.d5 exd5 44.Bxd5 b4
45.Ke4  1/2-1/2

[Event "FIDE World Blitz 2014"]
[Site "Dubai UAE"]
[Date "2014.06.19"]
[Round "6.29"]
[White "Vallejo Pons,F"]
[Black "Riazantsev,A"]
[Result "1-0"]
[WhiteElo "2698"]
[BlackElo "2692"]

1.e4 c6 2.Nc3 d5 3.Nf3 Bg4 4.d4 e6 5.h3 Bh5 6.g4 Bg6 7.exd5 exd5 8.Qe2+ Be7
9.h4 h6 10.Ne5 Bh7 11.Bf4 Nd7 12.O-O-O Nxe5 13.Bxe5 Kf8 14.Bg3 Bb4 15.Qd2 Nf6
16.f3 Qa5 17.a3 Bxc3 18.Qxc3 Qxc3 19.Bd6+ Ke8 20.bxc3 Kd7 21.Be5 Ne8 22.Bh3 f6
23.g5+ Ke7 24.Bf4 hxg5 25.Rde1+ Kf8 26.hxg5 fxg5 27.Bxg5 Nf6 28.Bxf6 gxf6
29.Bf5 Kg7 30.Reg1+ Kf7 31.Bxh7  1-0

[Event "FIDE World Blitz 2014"]
[Site "Dubai UAE"]
[Date "2014.06.19"]
[Round "8.11"]
[White "Vallejo Pons,F"]
[Black "Iturrizaga,E"]
[Result "1/2-1/2"]
[WhiteElo "2698"]
[BlackElo "2653"]

1.e4 c5 2.Nf3 g6 3.d4 cxd4 4.Qxd4 Nf6 5.Nc3 Nc6 6.Qa4 d6 7.e5 dxe5 8.Nxe5 Bd7
9.Nxd7 Qxd7 10.Bb5 Bg7 11.O-O O-O 12.Bf4 Rfc8 13.Rfe1 a6 14.Bxc6 bxc6 15.Rad1 Qb7
16.Qb3 Qxb3 17.axb3 Nd5 18.Be5 Bxe5 19.Rxe5 Nxc3 20.bxc3 Rd8 21.Rd3 Rxd3
22.cxd3 a5 23.g3 a4 24.bxa4 Rxa4 25.Rc5 Ra6 26.d4 e6 27.h4 h5 28.f3 Kf8 29.Kf2 Ke7
30.g4 hxg4 31.fxg4 Kd6 32.h5 gxh5 33.gxh5 Ra8 34.Kg3 Rg8+ 35.Kh4 Rg1 36.h6 Rh1+
37.Kg5 Rg1+ 38.Kh5 Rh1+ 39.Kg5 Rg1+ 40.Kh5 Rh1+  1/2-1/2

[Event "FIDE World Blitz 2014"]
[Site "Dubai UAE"]
[Date "2014.06.19"]
[Round "9.11"]
[White "Aronian,L"]
[Black "Vallejo Pons,F"]
[Result "1-0"]
[WhiteElo "2815"]
[BlackElo "2698"]

1.d4 d5 2.c4 e6 3.Nf3 Nf6 4.Nc3 Bb4 5.Bg5 dxc4 6.a3 Bxc3+ 7.bxc3 c5 8.e3 h6
9.Bxf6 Qxf6 10.Bxc4 O-O 11.O-O b6 12.Ne5 Bb7 13.f4 g6 14.Qg4 Be4 15.f5  1-0

[Event "FIDE World Blitz 2014"]
[Site "Dubai UAE"]
[Date "2014.06.19"]
[Round "10.21"]
[White "Vallejo Pons,F"]
[Black "Wojtaszek,R"]
[Result "0-1"]
[WhiteElo "2698"]
[BlackElo "2715"]

1.e4 c5 2.Nf3 d6 3.d4 cxd4 4.Nxd4 Nf6 5.Nc3 a6 6.Qd3 e5 7.Nf5 Bxf5 8.exf5 d5
9.Bg5 d4 10.O-O-O Be7 11.Bxf6 Bxf6 12.Ne4 Qb6 13.g4 h6 14.h4 Be7 15.Kb1 Nc6
16.Qb3 Qxb3 17.axb3 f6 18.c3 O-O-O 19.Bg2 Kc7 20.Kc2 Rd7 21.Rd3 Rhd8 22.Rhd1 a5
23.Ng3 dxc3 24.Rxd7+ Rxd7 25.Rxd7+ Kxd7 26.bxc3 Kc7 27.Kd3 b5 28.Bd5 a4 29.Ne4 a3
30.Kc2 b4 31.Bxc6 bxc3 32.Nxc3 Kxc6 33.Na2 Kd5 34.b4 Kc4 35.b5 Kxb5 36.Kb3 Bc5
37.Nc3+ Kc6 38.f3 Bd4 39.Ne4 Bb2 40.Ng3 Kd5 41.Nh5 e4 42.fxe4+ Kxe4 43.Nxg7 Kf4
44.g5 fxg5 45.Ne6+ Kxf5 46.hxg5 Kxe6 47.gxh6 Kf7 48.h7 Kg7  0-1

[Event "FIDE World Blitz 2014"]
[Site "Dubai UAE"]
[Date "2014.06.20"]
[Round "12.23"]
[White "Guseinov,G"]
[Black "Vallejo Pons,F"]
[Result "0-1"]
[WhiteElo "2613"]
[BlackElo "2698"]

1.e4 e6 2.d4 d5 3.Nd2 Nf6 4.e5 Nfd7 5.c3 c5 6.Bd3 Nc6 7.Ngf3 g6 8.O-O Bg7
9.Re1 O-O 10.Nf1 Qb6 11.dxc5 Qc7 12.Bf4 Ncxe5 13.Nxe5 Bxe5 14.Bxe5 Nxe5 15.Bc2 Nd7
16.b4 b6 17.cxb6 axb6 18.Re3 Nf6 19.Qd4 Nh5 20.Ng3 Ng7 21.h4 h5 22.a4 Bd7
23.Nf1 Rfc8 24.Nd2 Bxa4 25.Bb1 Bb5 26.Rxa8 Rxa8 27.Nf3 Ra1 28.Re1 Bc4 29.Qf6 Ne8
30.Qg5 Ng7 31.Qf6 Ne8 32.Qg5 Ng7 33.Ne5 Ba2 34.b5 Rxb1 35.Rxb1 Bxb1 36.Nc6 Bd3
37.Qf6 Ne8 38.Qg5 Bxb5 39.Nd4 Bd7 40.Qe7 Qd6 41.Qd8 Kf8 42.Nf3 f6 43.Nd4 Qc7
44.Qa8 e5 45.Nf3 Be6 46.Qa1 Ke7 47.Qa3+ Qc5 48.Qa7+ Qc7 49.Qa3+ Kf7 50.Qc1 Kg7
51.Qa3 Bf7 52.Qb4 Nd6 53.g4 Qc4  0-1

[Event "FIDE World Blitz 2014"]
[Site "Dubai UAE"]
[Date "2014.06.20"]
[Round "13.18"]
[White "Vallejo Pons,F"]
[Black "Karjakin,Sergey"]
[Result "1-0"]
[WhiteElo "2698"]
[BlackElo "2771"]

1.e4 c5 2.Nf3 d6 3.d4 cxd4 4.Nxd4 Nf6 5.Nc3 a6 6.Qd3 g6 7.Bg5 Bg7 8.O-O-O Nc6
9.Nxc6 bxc6 10.e5 Bf5 11.exf6 Bxd3 12.fxg7 Rg8 13.Bxd3 Rxg7 14.Rhe1 f5 15.Bc4 h5
16.Re6 Qb6 17.Be3 Qb4 18.Bb3 Kd7 19.Na4 Kc7 20.Bb6+ Kd7 21.Bd4 Rag8 22.a3 Qxb3
23.cxb3 Kxe6 24.Bxg7 Rxg7 25.b4 Rg8 26.Kc2 Rb8 27.Nc3 Kd7 28.h4 e5 29.g3 Ke6
30.Re1 Rf8 31.f4 Kf6 32.Na4 e4 33.Rd1 Ke6 34.Nb6 d5 35.Na4 Kd6 36.Nc5 Ra8
37.Kc3 Ra7 38.Nb3 Re7 39.Kd4 Rh7 40.Rc1 Rc7 41.Na5 Rc8 42.Nb7+ Kc7 43.Nc5 Ra8
44.Nb3 Kd6 45.Ke3 Ra7 46.Kd4 Ra8 47.Rc5 Re8 48.Rc3 Ra8 49.Na5 Rc8 50.Nb7+ Kc7
51.Nc5 Ra8 52.Nb3 Kd6 53.Na5 Rc8 54.Ke3 Rc7 55.Nb3 Rc8 56.Rc5 Kc7 57.Nd4 Kb6
58.Nb3 Rd8 59.Na5 d4+ 60.Kd2 Rc8 61.Nc4+ Kc7 62.Ne5 Kd6 63.Rc4 d3 64.Rd4+ Ke6
65.Rc4 Kd6 66.Rc5 Rc7 67.Ke3 Rc8 68.Nc4+ Kc7 69.Nd2 Rd8 70.Re5 Rd6 71.Nc4 d2
72.Nxd2 Rd3+ 73.Ke2 Rxg3 74.Nc4 Rg4 75.Re7+ Kd8 76.Rg7 Rxf4 77.Ne5 Rxh4 78.Nxg6 Rh2+
79.Ke3 Rxb2 80.Ne5 Rb3+ 81.Kf4 Rxa3 82.Nxc6+ Kc8 83.Na7+ Kd8 84.Nc6+ Kc8
85.Kxf5 e3 86.Re7 Rc3 87.Nd4 Rc4 88.Nf3 Rxb4 89.Rxe3 Kb7 90.Ne5 a5 91.Kg5 a4
92.Nd3 Rb3 93.Nc5+  1-0

[Event "FIDE World Blitz 2014"]
[Site "Dubai UAE"]
[Date "2014.06.20"]
[Round "14.11"]
[White "Tomashevsky,E"]
[Black "Vallejo Pons,F"]
[Result "1-0"]
[WhiteElo "2695"]
[BlackElo "2698"]

1.Nf3 f5 2.g3 Nf6 3.Bg2 g6 4.O-O Bg7 5.d4 d6 6.c4 O-O 7.Nc3 c6 8.b4 Ne4 9.Bb2 Nxc3
10.Bxc3 Be6 11.Qd3 Nd7 12.d5 cxd5 13.Bxg7 Kxg7 14.Ng5 Bg8 15.Bxd5 h6 16.Nf3 Nf6
17.Bxg8 Kxg8 18.Rac1 Rc8 19.Rfd1 Qb6 20.a3 a5 21.c5 dxc5 22.Qc4+ Kh7 23.bxc5 Qb2
24.Rb1 Qxa3 25.Rxb7 Qxc5 26.Qxc5 Rxc5 27.Rxe7+ Kg8 28.Ra7 Rf7 29.Ra6 Kg7
30.Rdd6 g5 31.Nd4 Re5 32.e3 Ne4 33.Rg6+ Kf8 34.Ra8+ Re8 35.Ne6+ Ke7 36.Ra7+  1-0

[Event "FIDE World Blitz 2014"]
[Site "Dubai UAE"]
[Date "2014.06.20"]
[Round "15.18"]
[White "Vallejo Pons,F"]
[Black "Eljanov,P"]
[Result "0-1"]
[WhiteElo "2698"]
[BlackElo "2723"]

1.e4 c6 2.Nc3 d5 3.Nf3 dxe4 4.Nxe4 Nf6 5.Qe2 Nxe4 6.Qxe4 Be6 7.b3 Bd5 8.Qe3 Nd7
9.Bb2 e6 10.O-O-O Bc5 11.d4 Bxf3 12.Qxf3 Be7 13.h4 Qa5 14.Kb1 Nf6 15.g3 O-O-O
16.Bg2 Kb8 17.Rhe1 Qd5 18.c4 Qxf3 19.Bxf3 Bb4 20.Re3 h5 21.d5 cxd5 22.Bxf6 gxf6
23.cxd5 Bc5 24.Re2 Rd6 25.Kb2 b6 26.Rdd2 Kc7 27.a3 a5 28.Rc2 Kd7 29.Rcd2 Ke7
30.Re4 f5 31.Ree2 Kf6 32.dxe6 Rxd2+ 33.Rxd2 fxe6 34.Bd1 e5 35.a4 e4 36.Kc3 Bb4+  0-1

[Event "FIDE World Blitz 2014"]
[Site "Dubai UAE"]
[Date "2014.06.20"]
[Round "16.24"]
[White "Vallejo Pons,F"]
[Black "Fressinet,L"]
[Result "0-1"]
[WhiteElo "2698"]
[BlackElo "2717"]

1.e4 d5 2.exd5 Qxd5 3.Nc3 Qa5 4.d4 Nf6 5.Nf3 Bf5 6.h3 c6 7.Nh4 Bg6 8.Nxg6 hxg6
9.g3 e6 10.Bg2 Nbd7 11.O-O Bd6 12.Qe2 O-O 13.Rd1 Rfe8 14.a3 Rad8 15.h4 Qc7
16.Bg5 Nf8 17.Ne4 Be7 18.Nxf6+ Bxf6 19.Bf4 Qe7 20.Be3 Nd7 21.c4 Nb6 22.a4 a5
23.Qc2 Nc8 24.d5 cxd5 25.cxd5 e5 26.Rac1 e4 27.Qb3 Nd6 28.Bb6 Rc8 29.Bxa5 Nf5
30.Bb4 Qd7 31.Rxc8 Qxc8 32.d6 Qd7 33.Rc1 Nd4 34.Qc4 e3 35.fxe3 Nf5 36.Qb5 Qe6
37.d7 Qxe3+ 38.Kh1 Qxc1+ 39.Kh2 Rd8 40.Qxb7 Be5 41.Kh3 Qxb2 42.Qc8 Bf6 43.Ba5 Qa3
44.Bc7 Kh7 45.a5 Qb2 46.Bxd8 Ne3 47.Bf3 Qf2 48.Bxf6 Qxf3 49.d8=R Qg2+  0-1

[Event "FIDE World Blitz 2014"]
[Site "Dubai UAE"]
[Date "2014.06.20"]
[Round "17.28"]
[White "Dubov,Daniil"]
[Black "Vallejo Pons,F"]
[Result "1-0"]
[WhiteElo "2614"]
[BlackElo "2698"]

1.Nf3 d5 2.g3 Nf6 3.Bg2 c5 4.O-O e6 5.c4 d4 6.b4 cxb4 7.a3 Nc6 8.axb4 Bxb4
9.Ne5 Bd7 10.Nxd7 Qxd7 11.Qa4 Be7 12.d3 O-O 13.Nd2 a5 14.Nb3 e5 15.Bd2 Qe6
16.Qb5 e4 17.Nxa5 e3 18.fxe3 Nxa5 19.Rxa5 Rxa5 20.Qxa5 dxe3 21.Bc3 Ng4 22.Qh5 Nf2
23.Bxb7 Bf6 24.Bb4 Rb8 25.Bd5 Qd7 26.Bc5 Bg5 27.Kg2 Bh6 28.Qf3 Qh3+ 29.Kg1 Qd7
30.Bxe3 Bxe3 31.Qxe3 Nh3+ 32.Kg2 Rf8 33.Qe5 h6 34.Qf5  1-0

[Event "FIDE World Blitz 2014"]
[Site "Dubai UAE"]
[Date "2014.06.20"]
[Round "18.38"]
[White "Vallejo Pons,F"]
[Black "Salem,AR"]
[Result "0-1"]
[WhiteElo "2698"]
[BlackElo "2581"]

1.e4 e5 2.Nf3 Nc6 3.Bb5 f5 4.Nc3 fxe4 5.Nxe4 Nf6 6.Qe2 d5 7.Nxf6+ gxf6 8.O-O Qd6
9.d4 e4 10.Nh4 Bd7 11.Qh5+ Kd8 12.c3 a6 13.Ba4 Be8 14.Qd1 Bg6 15.g3 f5 16.Bf4 Qe6
17.Rc1 b5 18.Bb3 Bd6 19.Ng2 Ne7 20.a4 c6 21.Ra1 Kc7 22.Qd2 Bh5 23.Bd1 Bxd1
24.Rfxd1 Ng6 25.Bg5 Kb7 26.Ra2 h6 27.Be3 h5 28.h4 f4 29.Bxf4 Nxf4 30.Nxf4 Qf5
31.axb5 axb5 32.Rxa8 Rxa8 33.Ng2 Ra2 34.Ne3 Qf3 35.Rb1 Ra8 36.Qd1 Qf7 37.Kg2 Rf8
38.Qe2 Qg6 39.Nf1 e3 40.Nxe3 Qe4+ 41.Kh3 Qxb1 42.Qxh5 Qh1+ 43.Kg4 Qf3+ 44.Kg5 Rg8+  0-1

[Event "FIDE World Blitz 2014"]
[Site "Dubai UAE"]
[Date "2014.06.20"]
[Round "19.43"]
[White "Aleksandrov,A"]
[Black "Vallejo Pons,F"]
[Result "1/2-1/2"]
[WhiteElo "2554"]
[BlackElo "2698"]

1.d4 Nf6 2.c4 b6 3.Nc3 Bb7 4.Bg5 e6 5.a3 h6 6.Bh4 d6 7.Nf3 Nbd7 8.Qc2 g5
9.Bg3 Nh5 10.d5 Qe7 11.Nd4 Bg7 12.dxe6 Bxd4 13.Nb5 Nxg3 14.exd7+ Qxd7 15.hxg3 Bg7
16.e3 O-O 17.O-O-O f5 18.Rh2 a6 19.Nc3 Qf7 20.Bd3 Rae8 21.g4 fxg4 22.Bh7+ Kh8
23.Bg6 Qxc4 24.Bxe8 Rxe8 25.Rdh1 Qe6 26.Ne2 Be4 27.Qa4 b5 28.Qb4 c5 29.Qd2 Qc4+
30.Kd1 Re6 31.Nc3 Bc6 32.Qc2 b4 33.axb4 cxb4 34.Ne2 Qd5+ 35.Kc1 b3 36.Qd2 Qc5+
37.Nc3 Be4 38.Kd1 Bc2+ 39.Ke1 g3 40.Rh3 gxf2+ 41.Kxf2 Bf5 42.Rf3 g4 43.Rf4 Qe5
44.g3 Bg6 45.Rd1 h5 46.Nd5 Bh6 47.Rc1 Bc2 48.Ra1 Bxf4 49.Nxf4 Rf6 50.Rxa6 h4
51.gxh4 Qxb2 52.Kg3 Qe5 53.Rb6 Kh7 54.Rb8 Be4 55.Rxb3 Ba8 56.Ra3 Qe4 57.Qg2 Qxg2+
58.Nxg2 Bxg2 59.Kxg2 Rf3 60.Rd3  1/2-1/2

[Event "FIDE World Blitz 2014"]
[Site "Dubai UAE"]
[Date "2014.06.20"]
[Round "20.43"]
[White "Vallejo Pons,F"]
[Black "Breckenridge,S"]
[Result "1-0"]
[WhiteElo "2698"]
[BlackElo "2299"]

1.e4 e5 2.Nf3 Nc6 3.Bb5 a6 4.Ba4 Nf6 5.d3 b5 6.Bb3 Bc5 7.Nc3 Bb7 8.Nd5 h6
9.Be3 Bxe3 10.fxe3 Na5 11.Nxf6+ Qxf6 12.O-O Nxb3 13.axb3 h5 14.Qe1 h4 15.Qc3 O-O-O
16.Qxe5 Qh6 17.Qf4 h3 18.Qxh6 Rxh6 19.g3 f6 20.Nd4 Re8 21.Nf5 Rh7 22.Rf4 g6
23.Nd4 f5 24.exf5 gxf5 25.Nxf5 Re5 26.Raf1 c5 27.Nd6+ Kc7 28.Nxb7 Kxb7 29.e4 Kc6
30.Rf7 Rh8 31.R1f6+ d6 32.Rf5 Re6 33.R7f6 Rxf6 34.Rxf6 Kd7 35.Kf2 Ke7 36.Rf5 Ke6
37.g4 a5 38.Kg3 a4 39.g5 Ra8 40.Kxh3 axb3 41.cxb3 Ra2 42.Rf2 Ra7 43.Kg4 Ke5
44.h4 Kd4 45.Rf3 c4 46.bxc4 bxc4 47.dxc4 Kxe4 48.g6 Ra1 49.h5 Rg1+ 50.Rg3 Rf1
51.Kg5 Rf5+ 52.Kh6 Kf4 53.Rg1 Re5 54.g7  1-0

[Event "FIDE World Blitz 2014"]
[Site "Dubai UAE"]
[Date "2014.06.20"]
[Round "21.35"]
[White "Kasimdzhanov,R"]
[Black "Vallejo Pons,F"]
[Result "1-0"]
[WhiteElo "2700"]
[BlackElo "2698"]

1.g3 d5 2.Bg2 e5 3.c4 d4 4.d3 Nf6 5.Nf3 Bb4+ 6.Bd2 Bxd2+ 7.Nbxd2 Nc6 8.b4 Qe7
9.b5 Nb8 10.O-O O-O 11.Re1 Qd6 12.e3 dxe3 13.Rxe3 Bg4 14.Qe1 Bxf3 15.Nxf3 Ng4
16.Re2 f6 17.h3 Nh6 18.d4 exd4 19.Nxd4 Qxd4 20.Bxb7 Nd7 21.Bxa8 Ne5 22.Bd5+ Kh8
23.Kg2 Nf5 24.Rd1 Qc5 25.Rxe5 fxe5 26.Qxe5 Nd6 27.Qd4 Qa3 28.Rd3 Qc1 29.Rd1 Qa3
30.Rd2 h6 31.Re2 Nf5 32.Qf4 Qd3 33.Re5 g5 34.Qe4 Qxe4+ 35.Bxe4 Nd6 36.Bd5 Kg7
37.Re7+ Kf6 38.Rxc7 Ke5 39.Rxa7  1-0